Fedro o de la belleza
Saved in:
| Main Author: | |
|---|---|
| Format: | Book |
| Language: | Spanish |
| Published: |
Buenos Aires
Aguilar
1965
|
| Edition: | 5a. ed |
| Series: | Biblioteca de Iniciación Filosófica, 2
|
| Subjects: | |
| Tags: |
Add Tag
No Tags, Be the first to tag this record!
|
MARC
| LEADER | 00000nam a2200000 a 4500 | ||
|---|---|---|---|
| 001 | UCZ2282 | ||
| 003 | CL-VaPUC | ||
| 008 | 950926e19650000AG |||||||||||||||||spa|d | ||
| 082 | 0 | 4 | |a 184 |b PLA |2 21 |
| 100 | 0 | |a Platón |e author |9 222 | |
| 245 | 1 | 0 | |a Fedro o de la belleza |
| 250 | |a 5a. ed | ||
| 300 | |a 140 p | ||
| 942 | |c BK | ||
| 945 | |d 19950926 00:00:00 |a lriquelm | ||
| 260 | |a Buenos Aires |b Aguilar |c 1965 | ||
| 650 | 0 | |a Filosofía antigua |9 255705 | |
| 650 | 0 | |a Belleza |9 265712 | |
| 650 | 0 | |a Amor |9 257817 | |
| 650 | 0 | |a Discursos |9 265028 | |
| 651 | 0 | |a Grecia |9 265314 | |
| 583 | |a last modification |c 19950926 00:00:00 |k Rodrigo Vera | ||
| 490 | 0 | |a Biblioteca de Iniciación Filosófica, 2 | |
| 999 | |c 238916 |d 238914 | ||
| 952 | |0 0 |1 0 |4 0 |6 184_000000000000000_PLA_1965 |7 0 |8 A |9 249522 |a BIBEDU |b BIBEDU |d 2019-11-18 |i 1566962 |o 184 PLA 1965 |p 1566962 |r 2019-11-18 |w 2019-11-18 |y BK |k FIL | ||